| 000 | 00880nam a2200241 i 4500 | ||
|---|---|---|---|
| 001 | 80091 | ||
| 003 | ES-MaACL | ||
| 005 | 20230906174127.0 | ||
| 007 | t| | ||
| 008 | 041026s1955 sp ||||1| spa d | ||
| 100 | 1 |
_aHirsch, Julius. _963807 |
|
| 245 | 1 | 0 |
_aNuevos horizontes en los negocios / _cun curso organizado por Julius Hirsch ; con una introducción por Lewis L. Lorwin ; prólogo de P. Prat Gaballí ; [versión española de Félix Monteagudo]. |
| 260 |
_aBarcelona : _bHispano Europea, _c1955 ( _fSob. de López Robert) |
||
| 300 |
_aXII, 138 p. : _bil. ; _c21 cm. |
||
| 490 | 1 | _aGalileo | |
| 700 | 1 |
_aLorwin, Lewis L. _974239 |
|
| 700 | 1 |
_aPrat Gaballí, Pedro ( _d1885-1962) _993676 |
|
| 700 | 1 |
_aMonteagudo, Félix. _982423 |
|
| 830 | 0 |
_aGalileo _9182278 |
|
| 852 |
_aES-MaACL _jC-13555 _bR.41408 |
||
| 852 |
_aES-MaACL _jC-24874 _bR.53549 |
||
| 999 |
_c80091 _d80091 |
||